| 000 | 00659nam a2200217 a 4500 | ||
|---|---|---|---|
| 005 | 20240228063952.0 | ||
| 008 | 081119s2006 mx r 000 0 spa d | ||
| 020 | _a9681682777 | ||
| 035 | _aUPN01000168015 | ||
| 049 | _aI | ||
| 050 | 4 |
_aPZ71 _bF3.3 |
|
| 100 | 1 |
_aFarias, Juan, _d1935- _930834 |
|
| 245 | 1 | 0 |
_aGallego : _ba la orilla del mar / _cJuan Farias ; il. Xosé Cobas. |
| 260 |
_aMéxico : _bFCE, _c2006. |
||
| 300 |
_a[38] p. : _bil. col. |
||
| 440 | 4 | _aLos especiales a la orilla del viento | |
| 650 | 4 |
_aLiteratura infantil española _95892 |
|
| 650 | 4 |
_aLibros y lectura para niños _92290 |
|
| 700 | 1 |
_aCobas, Xosé, _eil. |
|
| 905 | _aInfantil | ||
| 999 |
_c140124 _d140124 |
||